[Event "EU-chT Seniors 65"]
[Site "Swidnica"]
[Date "2023.07.20"]
[Round "9.3"]
[White "Janocha, Wieslaw Adam"]
[Black "Hardicsay, Peter"]
[Result "1-0"]
[WhiteElo "2196"]
[BlackElo "2180"]
[PlyCount "101"]
[EventDate "2023.07.12"]
[EventType "team-swiss"]
[EventRounds "9"]
[EventCountry "POL"]
[SourceTitle "CBM 215 Extra"]
[Source "ChessBase"]
[SourceDate "2023.09.30"]
[SourceVersion "1"]
[SourceVersionDate "2023.09.30"]
[SourceQuality "1"]
[WhiteTeam "Lower Silesia 65"]
[BlackTeam "Hungary 65"]
[WhiteTeamCountry "POL"]
[BlackTeamCountry "HUN"]

1. e4 c5 2. Nf3 Nc6 3. d4 cxd4 4. Nxd4 e5 5. Nb5 d6 6. c4 Be7 7. N1c3 a6 8. Na3 Nf6 9. Nc2 0-0 10. Be2 Be6 11. Be3 Rc8 12. Qd3 Nd4 13. Nxd4 Bxc4 14. Qd2 exd4 15. Bxd4 b5 16. 0-0 Re8 17. Bxc4 Rxc4 18. b3 Rc6 19. f3 h6 20. Rad1 Qc8 21. Rc1 Qb7 22. Bxf6 Bxf6 23. Nd5 Bg5 24. f4 Bd8 25. Rxc6 Qxc6 26. Rc1 Qd7 27. Qd3 Qe6 28. Kf1 Qxe4 29. Qxe4 Rxe4 30. Rc8 Re8 31. Nc7 Rf8 32. Nxa6 g5 33. f5 Bf6 34. Rxf8+ Kxf8 35. Nc7 Be5 36. h3 b4 37. Nd5 Ke8 38. Ke2 Kd7 39. Kd3 Kc6 40. Kc4 h5 41. g4 hxg4 42. hxg4 Bg3 43. Nxb4+ Kb6 44. a4 Bh2 45. Kd5 Bg3 46. Nc6 Kc7 47. b4 Kb6 48. Nd8 f6 49. Nc6 Be5 50. b5 Bf4 51. Kc4 1-0

[Event "Rubinstein Memorial-B 55th"]
[Site "Polanica Zdroj"]
[Date "2019.08.23"]
[Round "7"]
[White "Margovsky, Naum"]
[Black "Janocha, Wieslaw Adam"]
[Result "1-0"]
[WhiteElo "2002"]
[BlackElo "2264"]
[PlyCount "75"]
[EventDate "2019.08.17"]
[EventType "swiss"]
[EventRounds "9"]
[EventCountry "POL"]
[SourceTitle "EXT 2020"]
[Source "ChessBase"]
[SourceDate "2019.10.17"]
[SourceVersion "1"]
[SourceVersionDate "2019.10.17"]
[SourceQuality "1"]

1. d4 d5 2. c4 c6 3. Nf3 Nf6 4. Nc3 dxc4 5. e3 b5 6. a4 b4 7. Na2 a5 8. Bxc4 e6 9. 0-0 Be7 10. Bd2 0-0 11. Nc1 c5 12. dxc5 Bxc5 13. Nb3 Bb6 14. Qe2 Bb7 15. Rfd1 Qe7 16. Rac1 Nbd7 17. Bb5 Rfc8 18. Be1 Bd5 19. Nbd2 Nc5 20. Nc4 Bd8 21. Nd4 e5 22. Nf5 Qe6 23. Nfd6 Nb3 24. Rc2 Rcb8 25. f3 e4 26. Bh4 exf3 27. gxf3 Qh3 28. e4 Qxh4 29. exd5 Nd4 30. Qg2 g6 31. Rcd2 Nxb5 32. axb5 Nh5 33. Qg4 Qf6 34. Re1 a4 35. Ne4 Qh4 36. Nf2 Rxb5 37. Re8+ Kg7 38. Qxh4 1-0

[Event "POL-chT3 Dolnoslaskie 1718"]
[Site "Poland"]
[Date "2018.04.08"]
[Round "11.1"]
[White "Cechura, Petr"]
[Black "Janocha, Wieslaw Adam"]
[Result "0-1"]
[WhiteElo "2172"]
[BlackElo "2260"]
[PlyCount "120"]
[EventDate "2017.10.08"]
[EventType "team-tourn"]
[EventRounds "11"]
[EventCountry "POL"]
[SourceTitle "EXT 2019"]
[Source "ChessBase"]
[SourceDate "2018.10.10"]
[SourceVersion "1"]
[SourceVersionDate "2018.10.10"]
[SourceQuality "1"]

1. e4 e5 2. Nf3 Nc6 3. d4 exd4 4. c3 d5 5. exd5 Qxd5 6. cxd4 Nf6 7. Be2 Bg4 8. Nc3 Qh5 9. Be3 0-0-0 10. Qa4 Bb4 11. 0-0 Qa5 12. Qxa5 Bxa5 13. Rfd1 Nd5 14. Rac1 Bxc3 15. bxc3 Rhe8 16. Bb5 Nxe3 17. fxe3 Bxf3 18. gxf3 Rxe3 19. Kf2 Re7 20. Re1 Rde8 21. Rg1 a6 22. Bd3 g6 23. h4 Nd8 24. h5 Kd7 25. Rg4 Kd6 26. Rh1 Re3 27. Rd1 R3e7 28. Rh1 Ne6 29. hxg6 hxg6 30. Rgh4 c5 31. Rb1 b5 32. a4 c4 33. Be4 f5 34. Bc2 Nc7 35. Kg3 Nd5 36. Rh6 Re6 37. axb5 Nxc3 38. Ra1 axb5 39. Ra7 Ne2+ 40. Kf2 Nxd4 41. Bd1 Kc5 42. Rc7+ Kb4 43. Rd7 Kc3 44. f4 Ne2 45. Rd5 Kb4 46. Rh4 Re4 47. Kf3 Nc3 48. Rd6 Re1 49. Rxg6 R8e3+ 50. Kg2 Rxd1 51. Kh2 Ne4 52. Rh5 Ree1 53. Rxf5 Rh1+ 54. Kg2 Rdg1+ 55. Kf3 Nd2+ 56. Ke2 Rh2+ 57. Ke3 Rxg6 58. Rf8 Kc3 59. f5 Rg4 60. Re8 Rh3+ 0-1

[Event "Wroclaw op 9th"]
[Site "Wroclaw"]
[Date "2014.07.01"]
[Round "5"]
[White "Janocha, Wieslaw Adam"]
[Black "Starczewska, Dominika"]
[Result "0-1"]
[WhiteElo "2291"]
[BlackElo "1981"]
[PlyCount "54"]
[EventDate "2014.06.29"]
[EventType "swiss"]
[EventRounds "9"]
[EventCountry "POL"]
[SourceTitle "EXT 2015"]
[Source "ChessBase"]
[SourceDate "2014.11.20"]
[SourceVersion "1"]
[SourceVersionDate "2014.11.20"]
[SourceQuality "1"]

1. e4 c5 2. Nc3 Nc6 3. f4 g6 4. Nf3 Bg7 5. Bc4 Na5 6. Be2 d6 7. 0-0 Nf6 8. d4 cxd4 9. Nxd4 0-0 10. Be3 Bd7 11. e5 Ne8 12. Nf3 Be6 13. Ne4 Nc4 14. Bd4 dxe5 15. Nxe5 Nxe5 16. fxe5 Qc7 17. Ng5 Bxe5 18. Nxe6 Bxh2+ 19. Kh1 fxe6 20. Rxf8+ Kxf8 21. Qf1+ Kg8 22. Bc4 Ng7 23. Qe2 Qf4 24. Bxe6+ Kh8 25. Qc4 Qh6 26. Bxg7+ Kxg7 27. Qd4+ Be5+ 0-1

[Event "Wroclaw op-A 6th"]
[Site "Wroclaw"]
[Date "2011.07.10"]
[Round "9"]
[White "Macieja, Bartlomiej"]
[Black "Janocha, Wieslaw Adam"]
[Result "1-0"]
[WhiteElo "2612"]
[BlackElo "2275"]
[PlyCount "87"]
[EventDate "2011.07.04"]
[EventType "swiss"]
[EventRounds "9"]
[EventCountry "POL"]
[SourceTitle "CBM 143 Extra"]
[Source "ChessBase"]
[SourceDate "2011.08.29"]
[SourceVersion "1"]
[SourceVersionDate "2011.08.29"]
[SourceQuality "1"]

1. c4 c5 2. Nf3 Nf6 3. d4 cxd4 4. Nxd4 e5 5. Nb5 d5 6. cxd5 Bc5 7. N5c3 0-0 8. g3 e4 9. Bg2 Re8 10. Na3 a6 11. Nc2 Bf5 12. Be3 Nbd7 13. Bxc5 Nxc5 14. Qd4 Rc8 15. Ne3 Bg6 16. 0-0 b5 17. Bh3 Rc7 18. d6 Rc6 19. d7 Nfxd7 20. Rfd1 Rc7 21. Ncd5 Rb7 22. Nf4 Qe7 23. b4 Ne6 24. Bxe6 fxe6 25. Nxg6 hxg6 26. Qxe4 Nf6 27. Qc6 Rc7 28. Qxa6 Qxb4 29. Rab1 Qa4 30. Qxb5 Qxb5 31. Rxb5 Ra8 32. Rb2 Rca7 33. Rdd2 Ra4 34. Kf1 g5 35. Rd6 Kf7 36. Rb7+ Kg6 37. Rxe6 Rxa2 38. Ree7 Rg8 39. g4 Rd2 40. f3 Nd5 41. Re6+ Kh7 42. Nf5 Kh8 43. Nh6 gxh6 44. Rxh6# 1-0

[Event "Wroclaw op-A 6th"]
[Site "Wroclaw"]
[Date "2011.07.07"]
[Round "5"]
[White "Janocha, Wieslaw Adam"]
[Black "Heberla, Bartlomiej"]
[Result "0-1"]
[WhiteElo "2275"]
[BlackElo "2539"]
[PlyCount "60"]
[EventDate "2011.07.04"]
[EventType "swiss"]
[EventRounds "9"]
[EventCountry "POL"]
[SourceTitle "CBM 143 Extra"]
[Source "ChessBase"]
[SourceDate "2011.08.29"]
[SourceVersion "1"]
[SourceVersionDate "2011.08.29"]
[SourceQuality "1"]

1. d4 g6 2. c4 Bg7 3. Nc3 c5 4. Nf3 cxd4 5. Nxd4 Nc6 6. Nc2 d6 7. Bd2 f5 8. g3 Nf6 9. Bg2 0-0 10. 0-0 Bd7 11. Rc1 Ne5 12. b3 Bc6 13. Nd5 e6 14. Nxf6+ Qxf6 15. Be3 Qe7 16. Qd2 Bf6 17. Rfd1 Bxg2 18. Kxg2 Rad8 19. Bxa7 b6 20. Bxb6 Qb7+ 21. f3 Qxb6 22. Nd4 Rfe8 23. a4 Nf7 24. Nb5 Bg5 25. f4 Be7 26. b4 Ra8 27. a5 Qb7+ 28. Kg1 d5 29. cxd5 Qxb5 30. dxe6 Nd6 0-1

[Event "Polanica Zdroj op-A 46th"]
[Site "Polanica Zdroj"]
[Date "2010.08.26"]
[Round "8"]
[White "Janocha, Wieslaw Adam"]
[Black "Dobrowolski, Aleksander"]
[Result "1/2-1/2"]
[WhiteElo "2304"]
[BlackElo "2328"]
[PlyCount "116"]
[EventDate "2010.08.19"]
[EventType "swiss"]
[EventRounds "10"]
[EventCountry "POL"]
[SourceTitle "CBM 138 Extra"]
[Source "ChessBase"]
[SourceDate "2010.10.29"]
[SourceVersion "1"]
[SourceVersionDate "2010.10.29"]
[SourceQuality "1"]

1. e4 c5 2. Nf3 Nc6 3. Bb5 g6 4. Bxc6 dxc6 5. 0-0 Bg7 6. h3 Nf6 7. Re1 0-0 8. d3 Re8 9. e5 Nd5 10. a4 h6 11. Nbd2 Be6 12. Ne4 b6 13. Bd2 Nc7 14. Bf4 Bd5 15. b3 Ne6 16. Bh2 b5 17. Nfd2 Qd7 18. Nc3 a6 19. Ne2 Red8 20. c4 Bxg2 21. Kxg2 Qxd3 22. Nf3 Qf5 23. Qb1 Rd3 24. Neg1 Rad8 25. axb5 axb5 26. Re3 Kh7 27. Ra7 Bf8 28. Ra6 h5 29. Rxc6 bxc4 30. bxc4 Bh6 31. Rxd3 Rxd3 32. Qe1 Bf4 33. Rxe6 fxe6 34. Bxf4 Qxf4 35. Qe4 Qf5 36. Ne2 Kh6 37. Ng3 Qxe4 38. Nxe4 g5 39. Nxc5 Rc3 40. Nxg5 Rxc4 41. Ncxe6 Kg6 42. f4 Kf5 43. Kg3 Rc3+ 44. Kh4 Rc8 45. Kg3 Rc3+ 46. Kg2 Ra3 47. Kf2 h4 48. Ke2 Rg3 49. Kf1 Ra3 50. Kf2 Rg3 51. Ke2 Ra3 52. Kf2 Rg3 53. Kf1 Ra3 54. Ke2 Rg3 55. Kf2 Ra3 56. Ke2 Rg3 57. Kf1 Ra3 58. Kf2 Ra8 1/2-1/2

[Event "Polanica Zdroj op-A 46th"]
[Site "Polanica Zdroj"]
[Date "2010.08.25"]
[Round "7"]
[White "Khamidov, Komil"]
[Black "Janocha, Wieslaw Adam"]
[Result "1/2-1/2"]
[WhiteElo "1938"]
[BlackElo "2304"]
[PlyCount "64"]
[EventDate "2010.08.19"]
[EventType "swiss"]
[EventRounds "10"]
[EventCountry "POL"]
[SourceTitle "CBM 138 Extra"]
[Source "ChessBase"]
[SourceDate "2010.10.29"]
[SourceVersion "1"]
[SourceVersionDate "2010.10.29"]
[SourceQuality "1"]

1. e4 c6 2. d4 d5 3. Nc3 dxe4 4. Nxe4 Bf5 5. Ng3 Bg6 6. f4 e6 7. Nf3 Bd6 8. h4 h6 9. h5 Bh7 10. Bd3 Bxd3 11. Qxd3 Qc7 12. Ne5 Nf6 13. Be3 c5 14. 0-0-0 Nc6 15. Ne4 Bxe5 16. dxe5 Nxe4 17. Qxe4 b6 18. Rd6 Rc8 19. f5 exf5 20. Qxf5 Rd8 21. Rhd1 Rxd6 22. Rxd6 Nd8 23. g4 Ne6 24. Rxe6+ fxe6 25. Qxe6+ Kd8 26. Qd5+ Ke7 27. Bf2 Rc8 28. Bh4+ Kf8 29. Qe6 Ra8 30. Qd5 Rc8 31. Qe6 Rb8 32. Qd5 Rc8 1/2-1/2

[Event "Wroclaw Cup Final"]
[Site "Wroclaw"]
[Date "2009.08.11"]
[Round "6.1"]
[White "Janocha, Wieslaw Adam"]
[Black "Zeberski, Jakub"]
[Result "1-0"]
[WhiteElo "2294"]
[BlackElo "2421"]
[PlyCount "75"]
[EventDate "2009.08.07"]
[EventType "swiss"]
[EventRounds "9"]
[EventCountry "POL"]
[SourceTitle "EXT 2023"]
[Source "ChessBase"]
[SourceDate "2022.10.05"]
[SourceVersion "1"]
[SourceVersionDate "2022.10.05"]
[SourceQuality "1"]

1. d4 d5 2. c4 e6 3. Nc3 Nf6 4. Nf3 Be7 5. Bf4 0-0 6. e3 Nbd7 7. c5 c6 8. h3 h6 9. Bd3 b6 10. b4 a5 11. a3 Ba6 12. Bxa6 Rxa6 13. b5 cxb5 14. c6 Qc8 15. c7 b4 16. Nb5 bxa3 17. 0-0 a4 18. Qc2 Ne4 19. Rfc1 Ra8 20. Ne5 Nxe5 21. Bxe5 Qd7 22. Qc6 Qxc6 23. Rxc6 Nd2 24. Bd6 Bxd6 25. Nxd6 Nc4 26. c8Q Raxc8 27. Nxc8 b5 28. Nd6 b4 29. Nxc4 dxc4 30. Rxc4 Rb8 31. Rcc1 Kf8 32. Kf1 Ke7 33. Ke2 Kd6 34. Kd3 f5 35. f3 g5 36. Rcb1 h5 37. Kc4 a2 38. Rxb4 1-0

[Event "Wroclaw Cup Final"]
[Site "Wroclaw"]
[Date "2009.08.09"]
[Round "4.1"]
[White "Stachowiak, Kamil"]
[Black "Janocha, Wieslaw Adam"]
[Result "1-0"]
[WhiteElo "2412"]
[BlackElo "2294"]
[PlyCount "101"]
[EventDate "2009.08.07"]
[EventType "swiss"]
[EventRounds "9"]
[EventCountry "POL"]
[SourceTitle "EXT 2023"]
[Source "ChessBase"]
[SourceDate "2022.10.05"]
[SourceVersion "1"]
[SourceVersionDate "2022.10.05"]
[SourceQuality "1"]

1. d4 d5 2. Nf3 Nf6 3. c4 c6 4. Nc3 a6 5. e3 b5 6. b3 Bg4 7. Be2 e6 8. 0-0 Nbd7 9. h3 Bh5 10. Re1 Bb4 11. Bb2 Qa5 12. Qc2 Ne4 13. Rec1 Bxf3 14. Bxf3 Bxc3 15. Bxc3 Nxc3 16. Qxc3 Qxc3 17. Rxc3 Ke7 18. e4 dxc4 19. bxc4 b4 20. Rb3 c5 21. a3 e5 22. axb4 cxd4 23. Ra5 Rhc8 24. Be2 Rc6 25. c5 Rb8 26. Bc4 d3 27. Kf1 d2 28. Ke2 Rd8 29. Bd5 Nb8 30. Kxd2 Rg6 31. g4 h5 32. f3 hxg4 33. hxg4 Rh6 34. Ke3 Rc8 35. Rba3 Rc7 36. Kd3 Rf6 37. Kc4 Rh6 38. b5 axb5+ 39. Rxb5 Nd7 40. Kb4 Rh1 41. c6 Rb1+ 42. Rb3 Rxb3+ 43. Kxb3 Nf6 44. Kc4 Kd6 45. Rb8 Nh7 46. Rd8+ Ke7 47. Rg8 g6 48. Kc5 Ng5 49. Kb6 Kd6 50. Rd8+ Rd7 51. Rxd7# 1-0

[Event "Wroclaw Cup Final"]
[Site "Wroclaw"]
[Date "2009.08.08"]
[Round "3.1"]
[White "Janocha, Wieslaw Adam"]
[Black "Krupa, Monika"]
[Result "1-0"]
[WhiteElo "2294"]
[BlackElo "2229"]
[PlyCount "113"]
[EventDate "2009.08.07"]
[EventType "swiss"]
[EventRounds "9"]
[EventCountry "POL"]
[SourceTitle "EXT 2023"]
[Source "ChessBase"]
[SourceDate "2022.10.05"]
[SourceVersion "1"]
[SourceVersionDate "2022.10.05"]
[SourceQuality "1"]

1. d4 Nf6 2. Nf3 e6 3. c4 b6 4. a3 Bb7 5. Nc3 d5 6. cxd5 exd5 7. Bg5 Be7 8. e3 0-0 9. Be2 Nbd7 10. 0-0 h6 11. Bh4 Ne4 12. Bxe7 Qxe7 13. Rc1 Ndf6 14. b4 a5 15. Qb3 c5 16. bxc5 bxc5 17. dxc5 Nxc5 18. Qa2 a4 19. Nd4 Rfc8 20. Rc2 Nb3 21. Nxb3 axb3 22. Qxb3 Rxa3 23. Nxd5 Nxd5 24. Rxc8+ Bxc8 25. Qxd5 Bb7 26. Qh5 Ra2 27. Bf3 Ba6 28. Rc1 Qa3 29. Rd1 Ra1 30. Qd5 Bd3 31. h4 Rxd1+ 32. Bxd1 Qc3 33. Kh2 Qc7+ 34. f4 Bc4 35. Qa8+ Kh7 36. Qe4+ g6 37. h5 Ba6 38. Bc2 Qd6 39. Qe8 Kg7 40. hxg6 fxg6 41. Bb3 Qf8 42. Qd7+ Kh8 43. Bc2 Qf6 44. Kg3 h5 45. Qd4 Qxd4 46. exd4 Kg7 47. Be4 Kf6 48. Kh4 Bc8 49. Bc6 Bf5 50. g3 Bg4 51. Be4 Bd7 52. d5 Kg7 53. Bg2 Bc8 54. Bh3 Bb7 55. d6 Be4 56. Bd7 Bd3 57. Be8 1-0

[Event "Wroclaw Cup Final"]
[Site "Wroclaw"]
[Date "2009.08.07"]
[Round "1.3"]
[White "Janocha, Wieslaw Adam"]
[Black "Zombirt, Filip"]
[Result "1-0"]
[WhiteElo "2294"]
[BlackElo "1914"]
[PlyCount "93"]
[EventDate "2009.08.07"]
[EventType "swiss"]
[EventRounds "9"]
[EventCountry "POL"]
[SourceTitle "EXT 2023"]
[Source "ChessBase"]
[SourceDate "2022.10.05"]
[SourceVersion "1"]
[SourceVersionDate "2022.10.05"]
[SourceQuality "1"]

1. Nc3 e5 2. Nf3 Nc6 3. d4 exd4 4. Nxd4 Nf6 5. Bg5 Be7 6. Nf5 0-0 7. Nxe7+ Qxe7 8. Nd5 Qe5 9. Bxf6 gxf6 10. c3 Ne7 11. Nxe7+ Qxe7 12. Qd3 d6 13. g3 Re8 14. e3 Qe5 15. Bg2 Bf5 16. Qd4 Qb5 17. 0-0-0 Bg6 18. Rd2 Qf5 19. e4 Qa5 20. g4 c5 21. Qd5 Re5 22. Qxb7 Rae8 23. f3 Qxa2 24. Rhd1 R5e7 25. Qd5 c4 26. Qb5 a6 27. Qb4 Re5 28. Qa3 Qxa3 29. bxa3 Ra5 30. Bf1 Rxa3 31. Kb2 Rb3+ 32. Kc2 Reb8 33. Bxc4 Rb2+ 34. Kd3 Kf8 35. Rxb2 Rxb2 36. Rd2 Rb1 37. Kd4 a5 38. f4 h6 39. f5 Bh7 40. Ra2 Rd1+ 41. Ke3 Rg1 42. Be2 Rc1 43. Ra3 Rh1 44. Rxa5 Rxh2 45. Ra8+ Kg7 46. Rd8 Rh3+ 47. Bf3 1-0

[Event "Wroclaw Polonia op 4th"]
[Site "Wroclaw"]
[Date "2009.06.24"]
[Round "6"]
[White "Janocha, Wieslaw Adam"]
[Black "Muzychuk, Mariya"]
[Result "0-1"]
[WhiteElo "2294"]
[BlackElo "2441"]
[PlyCount "96"]
[EventDate "2009.06.20"]
[EventType "swiss"]
[EventRounds "9"]
[EventCountry "POL"]
[SourceTitle "CBM 130 Extra"]
[Source "ChessBase"]
[SourceDate "2009.07.02"]
[SourceVersion "2"]
[SourceVersionDate "2009.07.15"]
[SourceQuality "1"]

1. e4 d5 2. exd5 Nf6 3. d4 Nxd5 4. Nf3 g6 5. c4 Nb6 6. h3 Bg7 7. Nc3 0-0 8. Be3 Nc6 9. Qd2 a5 10. d5 Ne5 11. Nxe5 Bxe5 12. Be2 e6 13. Rd1 exd5 14. cxd5 Bf5 15. 0-0 Nc8 16. Bd4 Bxd4 17. Qxd4 Nd6 18. Bf3 Ra6 19. Rd2 Re8 20. a3 Bd7 21. Rc1 Qg5 22. h4 Qh6 23. g3 Nf5 24. Qd3 Nxg3 25. fxg3 Re3 26. Qd4 Rxf3 27. Ne4 f5 28. Rxc7 fxe4 29. Rxd7 Raf6 30. Kh2 Qxd2+ 31. Qxd2 Rf2+ 32. Qxf2 Rxf2+ 33. Kh3 Rxb2 34. d6 e3 35. Kg4 e2 36. Re7 Rd2 37. Kf3 Kf8 38. Kf2 Rxd6 39. Rxh7 Re6 40. Ke1 Re3 41. g4 Rxa3 42. Rxb7 Ra2 43. h5 gxh5 44. gxh5 a4 45. h6 Kg8 46. h7+ Kh8 47. Ra7 a3 48. Kf2 Ra1 0-1